Teaching reading to non-english speakers
-д хадгалсан:
| Үндсэн зохиолч: | |
|---|---|
| Формат: | Ном |
| Хэл сонгох: | англи |
| Хэвлэсэн: |
Londres
Collier-Macmillan
1970
|
| Цуврал: | Collier-Macmillan Teacher's Library
|
| Нөхцлүүд: | |
| Шошгууд: |
Шошго нэмэх
Шошго байхгүй, Энэхүү баримтыг шошголох эхний хүн болох!
|
MARC
| LEADER | 00000nam a2200000 a 4500 | ||
|---|---|---|---|
| 001 | UCQ7988 | ||
| 003 | CL-VaPUC | ||
| 008 | 981121e19700000UK |||||||||||||||||eng|d | ||
| 082 | 0 | 4 | |a 428.07 |b THO |2 21 |
| 100 | 0 | |a Thonis, Eleanor Wall |e author |9 421815 | |
| 245 | 1 | 0 | |a Teaching reading to non-english speakers |
| 300 | |a 270 p | ||
| 942 | |c BK | ||
| 945 | |d 19981121 00:00:00 |a crobeson | ||
| 260 | |a Londres |b Collier-Macmillan |c 1970 | ||
| 650 | 0 | |a Inglés |9 260023 | |
| 650 | 0 | |a Enseñanza de idiomas |9 339820 | |
| 650 | 0 | |a Educación lingüística |9 306506 | |
| 650 | 0 | |a Lingüística aplicada |9 313266 | |
| 583 | |a last modification |c 19981121 00:00:00 |k Rodrigo Vera | ||
| 490 | 0 | |a Collier-Macmillan Teacher's Library | |
| 999 | |c 277360 |d 277358 | ||
| 952 | |0 0 |1 0 |4 0 |6 428_070000000000000_THO_1970 |7 0 |8 A |9 315253 |a FDOPOS |b FDOPOS |d 2019-11-20 |i 1495755 |o 428.07 THO 1970 |p 1495755 |r 2025-01-22 |w 2019-11-20 |y BK |k MLA | ||